000 00621nam a2200229Ia 4500
005 20260320201837.0
008 008 262003s9999 xx 000 0 eng d
037 _aEBOOK
040 _aCRL
040 _beng
040 _cCRL
041 _2eng
041 _aeng
084 _qCRL
100 _aMwaura
_91136096
245 0 _aEnd-to-End Web Testing with Cypress: Explore techniques for automated frontend web testing with Cypress and JavaScript
260 _bIEEE
856 _uhttps://ieeexplore.ieee.org/servlet/opac?bknumber=10162884
942 _cEBOOK
999 _c1723856
_d1723856